Hunger Games Quarter Quell Quiz Stats

 Plays Quiz Updated Dec 5, 2018

Support Sporcle.
Go Orange.
Score 0/17 Timer 03:00
0 Plays Today
% Correct
Katniss
95.5%
Beetee
94.4%
Finnick
93.8%
Peeta
92.9%
Johanna
91.7%
Mags
90%
Brutus
88.2%
Enobaria
86.7%
Morphlings (2)
86.5%
% Correct
Wiress
86%
Cashmere
82.9%
Chaff
81.4%
Seeder
78.4%
Cecelia
75.8%
Blight
73.6%
Gloss
73.3%
Woof
58.1%

From the Vault

Countries of Asia

by Matt

Geography 10m
There are over 4 billion people in Asia, try not to let them down.
Remove Ads.
Support Sporcle.
Get the best of Sporcle when you Go Orange. This ad-free experience offers more features, more stats, and more fun while also helping to support Sporcle. Thank you for becoming a member.

Show Comments

Extras

Top Quizzes Today


Score Distribution

Your Account Isn't Verified!

In order to create a playlist on Sporcle, you need to verify the email address you used during registration. Go to your Sporcle Settings to finish the process.

Report this User

Report this user for behavior that violates our Community Guidelines.

Details: